La tortura en España: estudios históricos

Guardat en:
Dades bibliogràfiques
Autor principal: Tomás y Valiente, Francisco (Autor)
Format: Llibre
Idioma:espanyol
Publicat: Barcelona, España Ariel 1973
Col·lecció:Ariel Quincenal, 77
Matèries:
Etiquetes: Afegir etiqueta
Sense etiquetes, Sigues el primer a etiquetar aquest registre!

MARC

LEADER 00000cam a2200000 a 4500
001 UCL0615
003 CL-VaPUC
005 20241115095427.0
008 030728e19730000SP |||||||||||||||||spa|d
999 |c 304430  |d 304428 
020 |a 8434407310 
040 |c Pontificia Universidad Católica de Valparaíso 
082 0 4 |a 946.02 TOM 1973  |2 21 
100 0 |a Tomás y Valiente, Francisco  |e author  |9 477286 
245 1 3 |a La tortura en España:  |b  estudios históricos 
260 |a Barcelona, España  |b Ariel  |c 1973 
300 |a 246 páginas 
490 0 |a Ariel Quincenal,  |v  77 
583 |a last modification  |c 20160704 12:28:57  |k Rodrigo Vera 
650 0 |a Historia de España  |9 315435 
650 0 |a Inquisición española  |9 313621 
650 7 |a TORTURAS  |2 CL-VaPUC  |9 384012  |z ESPAÑA 
650 0 |a Derechos humanos  |z ESPAÑA  |9 223025 
852 |a BIBCUR 
942 |c BK  |2 ddc 
945 |d 20030728 00:00:00  |a cmena 
952 |0 0  |1 0  |2 ddc  |4 0  |6 946_020000000000000_TOM_1973  |7 0  |8 A  |9 366719  |a BIBHIS  |b BIBHIS  |d 2019-11-21  |i 3890163  |o 946.02 TOM 1973  |p 3890163  |r 2025-01-20  |t 1  |w 2019-11-21  |y BK  |k HIS 
952 |0 0  |1 0  |2 ddc  |3 erb  |4 0  |6 946_020000000000000_TOM_1973  |7 0  |8 A  |9 366720  |a FDOHBE  |b FDOHBE  |e Huesbe Llanos, Marco Antonio, 1934-  |i 5308569  |o 946.02 TOM 1973  |p 5308569  |r 2023-01-25  |t 2  |w 2019-11-21  |y BK  |z Catalogado en:20160708  |k HBE